| 000 | 00427nam a2200157 a 4500 | ||
|---|---|---|---|
| 005 | 20140412111429.0 | ||
| 008 | 090226s19uu xx 00 eng d | ||
| 020 | _a0-439-16966-6 | ||
| 050 |
_aTR(GS _bTo 2003 |
||
| 100 | _aBuckless, Andrea | ||
| 245 |
_aToo Many Cooks! : _bA Math Reader! / _cAndrea Buckless. |
||
| 260 |
_aU.S.A : _bScholastic, _c2003. |
||
| 300 | _aunp. | ||
| 440 | _aScholastic reader 3 | ||
| 999 |
_c106326 _d106326 |
||